01112nam a22002897a 4500001000400000003000600004005001700010008004100027040003000068042000900098050002000107082000800127100004200135245004300177260003300220300005000253520020200303521001800505521001600523650003300539650001300572650002200585906004500607942001500652999001300667952014200680188FISKH20230303095251.0230303b cb ||||| |||| 00| 0 eng d aDLCcDLCdDLCdFISKHbeng alcac00aPZ10.3.G257bHo00a8111 aGeisel, Theodor SeusscDr.d1904-199110aHorton hatches the egg,cby Dr. Seuss. aNew YorkbRandom Housec1968 a27 leaves of platesbcol. illus.c29 x 21 cm. aWhen a lazy bird hatching an egg wants a vacation, she asks Horton, the elephant, to sit on her egg--which he does through all sorts of hazards until he is rewarded for doing what he said he would.8 a560 bLexile8 aHbRaz-Plus 0aElephantsxJuvenile fiction. 1aFantasy. 1aStories in rhyme. a7bcbccorignewdueocipf19gy-gencatlg 2ddccBKn0 c188d188 00102ddc40708JUVFa001b001cTK Yellowd2023-03-03l2oGei 811 PZ10.G257pFISTK01454r2025-06-05 09:59:20s2025-03-13w2023-03-03yBK